[Event "Rome op"]
[Site "Rome"]
[Date "1991.??.??"]
[Round "6"]
[White "Marinelli, Tullio"]
[Black "Ianniello, Riccardo"]
[Result "1-0"]
[WhiteElo "2365"]
[BlackElo "2305"]

1.d4 d5 2.Nf3 c6 3.c4 Nf6 4.Nc3 e6 5.e3 Bd6 6.Bd3 Nbd7 7.O-O O-O 8.e4 dxe4
9.Nxe4 Nxe4 10.Bxe4 f5 11.Bc2 Nf6 12.Qe2 Bd7 13.Bg5 h6 14.Bd2 Qc7 15.Rad1 Rad8
16.Rfe1 Rfe8 17.Bc3 b6 18.Ne5 Bc8 19.Qf3 Bb7 20.Qh3 a5 21.f4 c5 22.d5 exd5
23.cxd5 Bc8 24.Bxf5 Bxf5 25.Qxf5 Bxe5 26.Rxe5 Qd7 27.Rxe8+ Nxe8 28.Qg6 Nd6
29.Be5 Qf7 30.Qe6 Nc4 31.Qc6 Qd7 32.Qxd7 Rxd7 33.Kf2 Kf7 34.Kf3 b5 35.Ke4 g6
36.g4 a4 37.Rd3 b4 38.d6 Na5 39.Rh3 c4 40.Kd5 Rb7 41.Kc5 c3 42.bxc3 b3 43.axb3 axb3
44.c4 b2 45.Bxb2 Rxb2 46.Rxh6 Rd2 47.Rh7+ Ke6 48.Re7+ Kf6 49.g5+ Kf5 50.Rf7+ Ke6
51.Re7+ Kf5 52.Ra7 Nxc4 53.Kxc4 Rxd6 54.Rf7+ Kg4 55.Rf6 Rd2 56.Rxg6 Kxf4
57.h4 Kf5 58.Rf6+ Ke5 59.Rh6 Kf5 60.g6 Kf6 61.h5 Rd7 62.Rh8 Rd1 63.Rh7 Rg1
64.Kd5 Rd1+ 65.Ke4 Re1+ 66.Kf3 Ra1 67.g7 Ra3+ 68.Ke4 Ra4+ 69.Kd3 Ra3+ 70.Kc4 Ra4+
71.Kb3 Rg4 72.h6 Kf7 73.Rh8 Rg3+ 74.Kc4 Rg4+ 75.Kd3 Rg3+ 76.Ke4 Rg4+ 77.Kf3 Rg1
78.Rf8+ Ke7 79.g8=Q Rf1+ 80.Kg2 Rxf8 81.h7  1-0

[Event "San Francisco"]
[Site "San Francisco"]
[Date "1991.??.??"]
[Round "7"]
[White "Fedorowicz, John P"]
[Black "Tal, Mihail"]
[Result "1/2-1/2"]
[WhiteElo "2555"]
[BlackElo "2570"]

1.d4 d5 2.c4 e6 3.Nc3 c6 4.Nf3 Nf6 5.e3 Nbd7 6.Qc2 Bd6 7.Bd3 O-O 8.O-O Qe7
9.e4 dxc4 10.Bxc4 e5 11.Rd1 exd4 12.Nxd4 Ne5 13.Bf1 Rd8 14.h3  1/2-1/2

[Event "San Sebastian op"]
[Site "San Sebastian"]
[Date "1991.??.??"]
[Round "6"]
[White "Eslon, Jaan"]
[Black "Polgar, Sofia"]
[Result "1-0"]
[WhiteElo "2390"]
[BlackElo "2425"]

1.d4 d5 2.c4 e6 3.Nc3 c6 4.e3 Nf6 5.Nf3 Nbd7 6.Be2 Bd6 7.O-O O-O 8.b3 Ne4
9.Nxe4 dxe4 10.Nd2 f5 11.c5 Bc7 12.f4 Nf6 13.Nc4 Nd5 14.Bd2 Kh8 15.b4 g5
16.g3 Rg8 17.Kh1 h5 18.Ne5 Qe7 19.Bc4 Nf6 20.a4 Qh7 21.Qb3 h4 22.gxh4 Qxh4
23.Be1 Qh5 24.Bg3 gxf4 25.Bxf4 Qh3 26.Rf2 Ng4 27.Nxg4 Bxf4 28.Rxf4 Rxg4 29.Rxg4 Qxg4
30.Rg1 Qf3+ 31.Rg2 f4 32.exf4 e3 33.Qb1 Qh5 34.Qe1 e5 35.Qg3 Qh7 36.Qxe3  1-0

[Event "Sao Paulo op"]
[Site "Sao Paulo"]
[Date "1991.??.??"]
[Round "11"]
[White "Rubinetti, Jorge A"]
[Black "Valiente, Cristobal"]
[Result "1/2-1/2"]
[WhiteElo "2440"]
[BlackElo "2370"]

1.d4 Nf6 2.Nf3 d5 3.c4 c6 4.Nc3 e6 5.e3 Nbd7 6.Qc2 Bd6 7.Be2 dxc4 8.Bxc4 O-O
9.O-O e5 10.h3 Qe7 11.a3 g6 12.Ba2 Kg7 13.Bd2 h6 14.Rfe1 e4 15.Nh2 Nb6 16.Nf1 h5
17.Ng3 Re8 18.Bb1 Bxg3 19.fxg3 Nc4 20.Ba2 Nd6 21.Ne2 Nf5 22.Rac1 Be6 23.Bxe6 Qxe6
24.Nf4 Qd7 25.Bc3 Kg8 26.Qf2 Nd5 27.Bd2 Nxf4 28.Qxf4 Qd6 29.Qxd6 Nxd6 30.g4 hxg4
31.hxg4 Rad8 32.Rf1 Rd7 33.Rf4 Nb5 34.Ba5 Rd5 35.Bb4 Nc7 36.Bc5 Rd7 37.Rf2 Nd5
38.Re1 a5 39.a4 b6 40.Ba3 b5 41.axb5 cxb5 42.Bc5 a4 43.Kf1 Kg7 44.Ke2 Rh8
45.g3 Rh3 46.Rg1 f6 47.Rfg2 Kf7 48.Kd2 Ke6  1/2-1/2

[Event "SCO-ch"]
[Site "SCO"]
[Date "1991.??.??"]
[Round "6"]
[White "Muir, Andrew J"]
[Black "Bryson, Douglas M"]
[Result "0-1"]
[WhiteElo "2425"]
[BlackElo "2340"]

1.d4 d5 2.Nf3 Nf6 3.c4 e6 4.Nc3 c6 5.e3 Nbd7 6.Bd3 dxc4 7.Bxc4 b5 8.Be2 Bb7
9.e4 b4 10.e5 bxc3 11.exf6 Nxf6 12.bxc3 Be7 13.O-O O-O 14.Qb3 Rb8 15.Bf4 Bd6
16.Bxd6 Qxd6 17.Qb4 c5 18.dxc5 Qc7 19.Qa3 Nd7 20.Rab1 Qxc5 21.Rb3 a5 22.Qxc5 Nxc5
23.Rb5 Bxf3 24.gxf3 Rxb5 25.Bxb5 Rb8 26.Rd1 Kf8 27.Bc4 Ke7 28.Rd4 Rb1+ 29.Bf1 Ra1
30.Rd2 Rc1 31.Rb2 Rxc3 32.Rb5 a4  0-1

[Event "UKR-chT"]
[Site "Simferopol"]
[Date "1991.??.??"]
[Round "?"]
[White "Karpman, Vadim"]
[Black "Boidman, V."]
[Result "1/2-1/2"]
[WhiteElo "2475"]
[BlackElo "2335"]

1.d4 d5 2.c4 c6 3.Nc3 Nf6 4.e3 e6 5.Nf3 a6 6.Qc2 Nbd7 7.b3 Bd6 8.Be2 O-O
9.Bb2 e5 10.dxe5 Nxe5 11.cxd5 cxd5 12.O-O Qc7 13.g3 Ne4 14.Rac1 Bh3 15.Nxe4 Qxc2
16.Rxc2 Nxf3+ 17.Bxf3 dxe4 18.Bg2 Bxg2 19.Kxg2 Rac8 20.Rfc1 Rxc2 21.Rxc2 f5  1/2-1/2

[Event "UKR-chT"]
[Site "Simferopol"]
[Date "1991.??.??"]
[Round "?"]
[White "Nosenko, Alexander"]
[Black "Neverov, Valeriy"]
[Result "1-0"]
[WhiteElo "2255"]
[BlackElo "2505"]

1.d4 Nf6 2.Nf3 e6 3.c4 d5 4.Nc3 c6 5.e3 Nbd7 6.Bd3 dxc4 7.Bxc4 b5 8.Bd3 a6
9.Ne4 c5 10.dxc5 Nxc5 11.Nxc5 Bxc5 12.O-O Bb7 13.a3 O-O 14.b4 Bd6 15.Bb2 Qe7
16.Ne5 Rfd8 17.Qe2 Nd7 18.Nxd7 Rxd7 19.Rfd1 Rad8 20.Bc2 Bd5 21.f4 Bb8 22.Qg4 f5
23.Qg3 Ba7 24.Bd4 Bxd4 25.Rxd4 Bc4 26.Rad1 Rxd4 27.Rxd4 Rxd4 28.exd4 Qd6
29.Qe3 Bd5 30.g3 Qc6 31.Qd2 Kf7 32.Bd1 Qc4 33.Kf2 Ke7 34.h4 Kd6 35.a4 Bc6
36.a5 Qd5 37.Qc3 Qg2+ 38.Ke1 Kd7 39.h5 Qe4+ 40.Kf2 Bd5  1-0

[Event "Skopje"]
[Site "Skopje"]
[Date "1991.??.??"]
[Round "3"]
[White "Mikhalchishin, Adrian"]
[Black "Lazic, Miroljub"]
[Result "1/2-1/2"]
[WhiteElo "2530"]
[BlackElo "2400"]

1.d4 d5 2.c4 c6 3.Nc3 Nf6 4.e3 e6 5.Nf3 Nbd7 6.Bd3 Bd6 7.e4 dxe4 8.Nxe4 Nxe4
9.Bxe4 Nf6 10.Bc2 Bb4+ 11.Bd2 Qa5 12.a3 Bxd2+ 13.Qxd2 Qxd2+ 14.Kxd2 Ke7 15.Rhe1 Rd8
16.Kc3 b5 17.b3 Bb7 18.Ne5 a5 19.f3 a4 20.b4 bxc4 21.Nxc4 Nd5+ 22.Kb2 Ba6
23.Na5 Bb5 24.Nb7 Rd7 25.Nc5 Rd6 26.Nb7 Rd7 27.Nc5 Rd6 28.Rad1 Nb6 29.f4 Kf8
30.Be4 Nc4+ 31.Ka2 h5 32.g3 Nb6 33.Kb2 Nc4+ 34.Ka2 Nb6 35.Kb2 Nc4+  1/2-1/2

[Event "Skopje"]
[Site "Skopje"]
[Date "1991.??.??"]
[Round "5"]
[White "Redzepagic, Rolando"]
[Black "Popchev, Milko"]
[Result "1/2-1/2"]
[WhiteElo "2340"]
[BlackElo "2450"]

1.d4 d5 2.c4 e6 3.Nc3 c6 4.e3 Nf6 5.Nf3 a6 6.Qc2 b5 7.cxd5 cxd5 8.Bd2 Bb7
9.a4 b4 10.Na2 Nc6 11.Nc1 Rc8 12.Qd1 Ne4 13.Nb3 Bd6 14.Bd3 O-O 15.O-O f5
16.Qe2 Ra8 17.Rfc1 Rf6 18.g3  1/2-1/2

[Event "Skopje"]
[Site "Skopje"]
[Date "1991.??.??"]
[Round "6"]
[White "Rashkovsky, Nukhim N"]
[Black "Lazic, Miroljub"]
[Result "1-0"]
[WhiteElo "2535"]
[BlackElo "2400"]

1.d4 d5 2.c4 c6 3.Nc3 Nf6 4.e3 e6 5.Nf3 Nbd7 6.Bd3 dxc4 7.Bxc4 b5 8.Bd3 Bb7
9.O-O a6 10.Qe2 c5 11.Rd1 Qc7 12.e4 cxd4 13.Nxd4 e5 14.Nd5 Nxd5 15.exd5 Bc5
16.Nb3 Bb6 17.Be3 O-O 18.d6 Qc6 19.f3 Bxe3+ 20.Qxe3 Qb6 21.Qxb6 Nxb6 22.Na5 Bd5
23.Be4 Bxe4 24.fxe4 f6 25.Rac1 Rfc8 26.Nc6  1-0

[Event "Belavenets mem op"]
[Site "Smolensk"]
[Date "1991.??.??"]
[Round "?"]
[White "Gagarin, Vasilij"]
[Black "Stripunsky, Alexander"]
[Result "1-0"]
[WhiteElo "2410"]
[BlackElo "2360"]

1.d4 d5 2.c4 c6 3.Nf3 Nf6 4.Nc3 e6 5.e3 Nbd7 6.Bd3 dxc4 7.Bxc4 b5 8.Bd3 Bb7
9.e4 b4 10.Na4 c5 11.e5 Nd5 12.dxc5 Bxc5 13.Nxc5 Nxc5 14.Bb5+ Kf8 15.O-O h6
16.Qe2 g6 17.h4 Kg7 18.Bd2 Qe7 19.Rac1 Rac8 20.Rc2 a6 21.Bc4 a5 22.Rfc1 Nb6
23.Qe3 Ncd7 24.Bb5 Rxc2 25.Rxc2 Bxf3 26.Qxf3 Qxh4 27.Rc7 Nxe5 28.Qe3 Ng4
29.Qxb6 Rb8 30.Qa7 Rf8 31.f3 Qh2+ 32.Kf1 Qh1+ 33.Qg1 Qh5 34.Qd4+ Nf6 35.Bc4 e5
36.Qa7 Qh1+ 37.Kf2 Rd8 38.Rxf7+ Kh8 39.Qe3  1-0

[Event "BUL-chT"]
[Site "Sofia"]
[Date "1991.??.??"]
[Round "1"]
[White "Kolev, Atanas"]
[Black "Semkov, Semko"]
[Result "1/2-1/2"]
[WhiteElo "2460"]
[BlackElo "2460"]

1.Nf3 d5 2.d4 c6 3.c4 e6 4.e3 Nf6 5.Nc3 Nbd7 6.Bd3 Be7 7.O-O O-O 8.b3 b6
9.Bb2 Bb7 10.Qe2 Qc7 11.Rac1 Rad8 12.Rfd1 Qb8 13.Ne5 Nxe5 14.dxe5 dxc4 15.Bxc4 Nd7
16.f4 b5 17.Bd3 Nc5 18.Bb1 b4 19.Ne4 Nxe4 20.Bxe4 c5 21.Bxb7 Qxb7 22.e4 Rxd1+
23.Rxd1  1/2-1/2

[Event "St Ingbert op"]
[Site "St Ingbert"]
[Date "1991.??.??"]
[Round "7"]
[White "Chuchelov, Vladimir"]
[Black "Vul, Arkadi Eremeevich"]
[Result "1-0"]
[WhiteElo "2420"]
[BlackElo "2310"]

1.d4 d5 2.c4 e6 3.Nf3 Nf6 4.Nc3 c6 5.e3 Nbd7 6.Qc2 Bd6 7.Be2 O-O 8.O-O dxc4
9.Bxc4 e5 10.h3 Qc7 11.Bb3 Re8 12.Bd2 h6 13.Rac1 a6 14.a3 exd4 15.exd4 Nf8
16.Qd3 Bd7 17.Nh4 Bf4 18.Be3 Bxe3 19.fxe3 Qg3 20.Nf3 Bxh3 21.Rc2 Re7 22.Rcf2 Be6
23.Bxe6 Nxe6 24.Ne5 Ng5 25.Rf3 Qh4 26.Rf4 Qg3 27.R4f3 Qh4 28.Rf4 Qh5 29.Ne2 Rxe5
30.dxe5 Ng4 31.Rd1 Nxe5 32.Qc2 Ng4 33.Qd3 Re8 34.e4 Qh2+ 35.Kf1 Qh1+ 36.Ng1 Nh2+
37.Kf2 Ne6 38.Rh4 g5 39.Nf3 Ng4+ 40.Rxg4 Qh5 41.Rg3 Nf4 42.Qd7 Re6 43.Qd8+ Kg7
44.Rd6 Rxe4 45.Qf6+ Kh7 46.Qf5+  1-0

[Event "Stavanger op"]
[Site "Stavanger"]
[Date "1991.??.??"]
[Round "7"]
[White "Fries Nielsen, Jens Ove"]
[Black "Whiteley, Andrew J"]
[Result "1/2-1/2"]
[WhiteElo "2380"]
[BlackElo "2330"]

1.Nf3 Nf6 2.d4 d5 3.c4 c6 4.Nc3 e6 5.e3 Nbd7 6.a3 Bd6 7.Qc2 O-O 8.Bd2 a6
9.Be2 dxc4 10.Bxc4 c5 11.dxc5 Bxc5 12.Be2 b5 13.Ne4 Be7 14.Nxf6+  1/2-1/2

[Event "Subotica Interzonal (Women)"]
[Site "Subotica"]
[Date "1991.??.??"]
[Round "4"]
[White "Peng, Zhaoqin"]
[Black "Misanovic, Vesna"]
[Result "1-0"]
[WhiteElo "2375"]
[BlackElo "2305"]

1.d4 Nf6 2.c4 e6 3.Nc3 d5 4.Nf3 c6 5.e3 Nbd7 6.Qc2 Bd6 7.Bd3 Qe7 8.O-O O-O
9.e4 dxc4 10.Bxc4 e5 11.Be3 h6 12.h3 Re8 13.Rfe1 exd4 14.Bxd4 Ne5 15.Nxe5 Bxe5
16.Rad1 Nh5 17.Bxe5 Qxe5 18.Qe2 Be6 19.Qf1 b5 20.Bxe6 Rxe6 21.Re3 Rae8 22.Rd2 b4
23.Ne2 Qa5 24.Nd4 Rxe4 25.Nxc6 Qc7 26.Nxb4 Ng3 27.Rxe4 Rxe4 28.fxg3 Rxb4
29.Kh2 h5 30.Qd1 g6 31.Rd7 Qc6 32.b3 a5 33.Rd8+ Kg7 34.Qa1+ f6 35.Qe1 Re4
36.Qxa5 Re2 37.Qa7+ Kh6 38.Rh8+ Kg5 39.Qa5+ Re5 40.Qd2+ Kf5 41.Rd8 Ke6 42.Qd3 g5
43.Qg6 Ke7 44.Qg8 Rc5 45.Rf8 Rf5 46.Rf7+ Kd6 47.Qd8+ Kc5 48.Rc7  1-0

[Event "Subotica Interzonal (Women)"]
[Site "Subotica"]
[Date "1991.??.??"]
[Round "5"]
[White "Amura, Claudia Noemi"]
[Black "Arakhamia, Ketevan"]
[Result "0-1"]
[WhiteElo "2405"]
[BlackElo "2440"]

1.d4 d5 2.c4 c6 3.Nf3 Nf6 4.Nc3 e6 5.e3 Nbd7 6.Qc2 Bd6 7.Be2 O-O 8.O-O Re8
9.Rd1 Qe7 10.a3 a5 11.h3 h6 12.b3 dxc4 13.bxc4 e5 14.Nh4 g6 15.dxe5 Bxe5
16.Nf3 Bc7 17.Nd4 Nc5 18.a4 Na6 19.Ba3 Nb4 20.Qb3 Bd7 21.Rd2 Rad8 22.Rad1 Bb8
23.Bf1 Be5 24.Bb2 Nh7 25.c5 Ng5 26.f4 Bxd4 27.Rxd4 Qxe3+ 28.Kh1 Be6 29.Bc1 Qxd4
30.Qb2 Qxd1 31.Nxd1 Rxd1 32.fxg5 Rxf1+ 33.Kh2 Nd3 34.Qe2 Rxc1 35.gxh6 Rc3
36.Qd2 Rb3 37.Qg5 Kh7 38.h4 Bd5 39.h5 Re5 40.hxg6+ fxg6 41.Qf6 Rh5+ 42.Kg3 Ne5+
43.Kf2 Ng4+  0-1

[Event "Sydney Mercantile"]
[Site "Sydney"]
[Date "1991.??.??"]
[Round "9"]
[White "Van der Sterren, Paul"]
[Black "West, Guy"]
[Result "1-0"]
[WhiteElo "2475"]
[BlackElo "2445"]

1.d4 d5 2.c4 e6 3.Nf3 c6 4.Nc3 Nf6 5.e3 Nbd7 6.Qc2 Bd6 7.Be2 O-O 8.O-O dxc4
9.Bxc4 e5 10.h3 Qe7 11.a3 Bc7 12.Ba2 exd4 13.exd4 Nb6 14.Re1 Qd6 15.Bg5 Nbd5
16.Rad1 g6 17.Qc1 Bf5 18.Nxd5 Nxd5 19.Bxd5 Qxd5 20.Be7 Bd6 21.Bf6 Rfe8 22.Re5 Qb3
23.Rxf5 Re6 24.d5 cxd5 25.Nd4  1-0

[Event "Taby op"]
[Site "Taby"]
[Date "1991.??.??"]
[Round "?"]
[White "Agrest, Evgenij"]
[Black "Kozyrev, A."]
[Result "1-0"]
[WhiteElo "2480"]
[BlackElo "2345"]

1.d4 d5 2.Nf3 Nf6 3.c4 e6 4.Nc3 c6 5.e3 Nbd7 6.Qc2 Bd6 7.Be2 O-O 8.O-O Re8
9.a3 e5 10.dxe5 Nxe5 11.cxd5 cxd5 12.Qb3 Bg4 13.Nd4 Nc6 14.Bxg4 Nxd4 15.exd4 Nxg4
16.g3 Qd7 17.Qxd5 Re6 18.Qf5 Nxh2 19.d5 Nxf1 20.dxe6 fxe6 21.Qb5 Qxb5 22.Nxb5 Bxg3
23.Kxf1 Be5 24.Nc3 Bd4 25.Be3  1-0

[Event "Torcy op"]
[Site "Torcy"]
[Date "1991.??.??"]
[Round "?"]
[White "Plachetka, Jan"]
[Black "Sveshnikov, Evgeny"]
[Result "0-1"]
[WhiteElo "2425"]
[BlackElo "2510"]

1.d4 d5 2.c4 e6 3.Nc3 c6 4.Nf3 Nf6 5.e3 Nbd7 6.Qc2 Bd6 7.Be2 O-O 8.O-O Re8
9.b3 dxc4 10.bxc4 e5 11.Bb2 exd4 12.exd4 Nf8 13.Rad1 Qc7 14.c5 Be7 15.Rfe1 Be6
16.Ne5 Rad8 17.Bf3 Nd5 18.Ne4 Nf6 19.Ng5 Nd5 20.Nxe6 Nxe6 21.Nxf7 Kxf7 22.Qxh7 Nef4
23.g3 Nf6 24.Qf5 Nd5 25.Bh5+ Kg8 26.Bxe8 Rxe8 27.Bc1 Qc8 28.Qxc8 Rxc8 29.Bg5 Kf7
30.Rd3 b6 31.cxb6 axb6 32.h4 Ra8 33.Re2 b5 34.Kg2 Ra4 35.f3 Bd8 36.f4 Bb6
37.Red2 Ne4 38.Re2 Nec3 39.Red2 Nxa2 40.f5 Nac3 41.Kf3 Ra1 42.g4 Bc7 43.Rc2 Rh1
44.Rcd2 b4 45.Kg2 Rb1 46.Rc2 Bf4 47.Rf2 Bxg5 48.hxg5 Ne4 49.Ra2 Nxg5 50.Rdd2 b3
51.Rab2 Ne3+  0-1

[Event "Torcy op"]
[Site "Torcy"]
[Date "1991.??.??"]
[Round "?"]
[White "Shabalov, Alexander"]
[Black "Sveshnikov, Evgeny"]
[Result "1/2-1/2"]
[WhiteElo "2505"]
[BlackElo "2510"]

1.d4 d5 2.c4 e6 3.Nf3 Nf6 4.Nc3 c6 5.e3 Nbd7 6.Qc2 Bd6 7.h3 O-O 8.g4 e5 9.g5 Ne4
10.cxd5 Nxc3 11.dxc6 Nd5 12.cxd7 Bxd7 13.dxe5 Nb4 14.Qd1 Rc8 15.Be2 Bb8 16.Kf1 Qe7
17.Bd2 Rfd8 18.Bxb4 Qxb4 19.Qb3 Qe7 20.h4 Bc6 21.h5 Bxe5 22.g6 Bd5 23.Qa4 Bxb2
24.Rd1 Bf6 25.Rg1 Qe6 26.gxf7+ Qxf7 27.Ng5 Bxg5 28.Rxg5 Bxa2 29.Rxd8+ Rxd8
30.h6 g6 31.Ra5 Bb3 32.Qh4 Rc8 33.Rxa7 Bd5 34.Qd4 Qd7 35.Ra1 Be6 36.Qe5 Re8
37.Kg1 Qf7 38.Rc1 Bc4 39.Bxc4 Rxe5 40.Bxf7+ Kxf7 41.Rc7+ Re7 42.Rc5 Ke6 43.Kf1 Kd6
44.Rc8 Rc7 45.Rb8 Ke6 46.Ke2 Kf6 47.f4 g5 48.Rf8+ Ke7 49.Rh8 Kf6 50.Rf8+  1/2-1/2

[Event "Vienna op"]
[Site "Vienna"]
[Date "1991.??.??"]
[Round "4"]
[White "Farago, Ivan"]
[Black "Blauert, Joerg"]
[Result "1-0"]
[WhiteElo "2515"]
[BlackElo "2405"]

1.d4 Nf6 2.c4 e6 3.Nf3 d5 4.Nc3 c6 5.e3 Nbd7 6.Qc2 Bd6 7.Be2 O-O 8.O-O e5
9.cxd5 cxd5 10.dxe5 Nxe5 11.Rd1 Nxf3+ 12.Bxf3 Qc7 13.g3 Be5 14.Qd3 Bxc3 15.Qxc3 Qxc3
16.bxc3 Be6 17.Rb1 Rab8 18.Ba3 Rfe8 19.Bd6 Rbd8 20.Be5 Ng4 21.Bd4 b6 22.a4 f6
23.a5 bxa5 24.Rb5 a4 25.Ra5 Re7 26.h3 Nh6 27.g4 Nf7 28.Rxa4 Ne5 29.Bg2 Nc6
30.Re1 Nxd4 31.cxd4 Rdd7 32.Ra5 g5 33.Rc1 Rd6 34.Rcc5 Red7 35.Rc8+ Kg7 36.Ra8 a6
37.R5xa6 Rxa6 38.Rxa6 Bf7 39.Bf3 Bg6 40.Ra5 Bf7 41.Kf1 Kf8 42.Ke2 Ke7 43.Kd2 Kd6
44.Ra6+ Ke7 45.Bd1 Rb7 46.Rc6 Ra7 47.Bb3 Ra3 48.Rc7+ Ke8 49.Rb7 Ra1 50.e4 Rh1
51.exd5  1-0

[Event "Vienna op"]
[Site "Vienna"]
[Date "1991.??.??"]
[Round "6"]
[White "Timoshchenko, Gennadi A"]
[Black "Ivanov, Alexey"]
[Result "0-1"]
[WhiteElo "2505"]
[BlackElo "2380"]

1.d4 Nf6 2.c4 e6 3.Nc3 d5 4.Nf3 c6 5.e3 Nbd7 6.Qc2 Bd6 7.Be2 O-O 8.O-O dxc4
9.Bxc4 e5 10.h3 Qe7 11.Bd2 b5 12.Bd3 Bb7 13.Ne4 Nxe4 14.Bxe4 g6 15.Rac1 Rac8
16.Rfe1 f5 17.Qb3+ Rf7 18.Bb1 e4 19.Nh2 a6 20.a4 Nf6 21.Ba2 Nd5 22.Qd1 b4
23.Qe2 Rff8 24.Rc2 a5 25.Rec1 Qd7 26.Nf1 Ra8 27.f3 Kg7 28.f4 Nb6 29.Bb3 Ba6
30.Qd1 Rac8 31.Be1 Bd3 32.Rd2 Be7 33.g3 c5 34.dxc5 Rxc5 35.Rg2 Qc7 36.Rxc5 Qxc5
37.Bd2 Kh8 38.Rf2 Qc7 39.g4 Nc4 40.Bxc4 Qxc4 41.gxf5 gxf5 42.Rg2 Bxf1 43.Qxf1 Qxf1+
44.Kxf1 Rc8 45.Ke2 Rc2 46.Rg1 Rxb2 47.Rc1 Ra2 48.Kd1 Kg7 49.Rc7 Kf7 50.Bc1 Ke6
51.Ra7 Rxa4 52.Kc2 Ra2+ 53.Kb3 Rh2 54.Rxa5 Bd6 55.Ra6 Rxh3 56.Bd2 Rh1 57.Kc4 Rb1
58.Ra7 Rb2 59.Be1 Rc2+ 60.Kb3 Re2 61.Bxb4 Rxe3+ 62.Kc4 Bxb4 63.Kxb4 Rf3  0-1

[Event "Vienna op"]
[Site "Vienna"]
[Date "1991.??.??"]
[Round "8"]
[White "Cvitan, Ognjen"]
[Black "Godena, Michele"]
[Result "1/2-1/2"]
[WhiteElo "2495"]
[BlackElo "2415"]

1.Nf3 d5 2.c4 e6 3.d4 c6 4.Nc3 Nf6 5.e3 Nbd7 6.Bd3 a6 7.b3 Bb4 8.Bd2 O-O
9.O-O Bd6 10.e4 dxc4 11.bxc4 e5 12.c5 Bc7 13.Na4 exd4 14.h3 Re8 15.Re1 Nf8
16.Rb1 Ne6 17.Qc2 h6 18.Rb3 Nd7 19.e5 Qe7 20.Bc4 Ndxc5 21.Bb4 b6 22.Nxc5 bxc5
23.Ba3 Rb8 24.Rxb8 Bxb8 25.Bxe6 Qxe6 26.Bxc5 Qd5 27.Rd1 Bxe5 28.Nxe5 Qxe5  1/2-1/2

[Event "URS-sf"]
[Site "Voronezh"]
[Date "1991.??.??"]
[Round "?"]
[White "Obukhov, Alexander"]
[Black "Lisik, Valery"]
[Result "1/2-1/2"]
[WhiteElo "2265"]
[BlackElo "2485"]

1.d4 Nf6 2.c4 c6 3.Nc3 d5 4.e3 e6 5.Nf3 Nbd7 6.Bd3 dxc4 7.Bxc4 b5 8.Be2 Be7
9.a3 O-O 10.O-O Bb7 11.e4 b4 12.axb4 Bxb4 13.e5 Nd5 14.Bd3 Be7 15.Nxd5 cxd5
16.Qc2 h6 17.Bd2 Nb6 18.Qb3 Qd7 19.Rfc1 Rfc8 20.Rxc8+ Bxc8  1/2-1/2

[Event "Vrnjacka Banja"]
[Site "Vrnjacka Banja"]
[Date "1991.??.??"]
[Round "3"]
[White "Drasko, Milan"]
[Black "Huzman, Alexander"]
[Result "1/2-1/2"]
[WhiteElo "2500"]
[BlackElo "2475"]

1.d4 Nf6 2.c4 e6 3.Nf3 d5 4.Nc3 c6 5.e3 a6 6.Bd2 Nbd7 7.Rc1 Bd6 8.Bd3 O-O
9.O-O e5 10.cxd5 cxd5 11.dxe5 Nxe5 12.Nxe5 Bxe5 13.h3 Re8  1/2-1/2

[Event "Vrnjacka Banja"]
[Site "Vrnjacka Banja"]
[Date "1991.??.??"]
[Round "15"]
[White "Malaniuk, Vladimir P"]
[Black "Drasko, Milan"]
[Result "1/2-1/2"]
[WhiteElo "2500"]
[BlackElo "2500"]

1.d4 d5 2.c4 c6 3.Nf3 Nf6 4.e3 e6 5.Nc3 a6 6.Qc2 b5 7.b3 Nbd7 8.Bd3 Bb7 9.O-O dxc4
10.bxc4 bxc4 11.Bxc4 c5 12.Be2 cxd4  1/2-1/2

[Event "Warsaw Legion op"]
[Site "Warsaw"]
[Date "1991.??.??"]
[Round "10"]
[White "Bogdanovski, Vlatko"]
[Black "Alekseev, Andrey"]
[Result "1-0"]
[WhiteElo "2440"]
[BlackElo "2340"]

1.d4 d5 2.c4 c6 3.Nc3 Nf6 4.e3 e6 5.Nf3 Nbd7 6.Bd3 dxc4 7.Bxc4 b5 8.Be2 Bb7
9.O-O a6 10.e4 b4 11.e5 bxc3 12.exf6 Nxf6 13.bxc3 c5 14.Ne5 Nd7 15.Bf3 Bxf3
16.Qxf3 Nxe5 17.dxe5 Qc8 18.Rb1 Ra7 19.Rd1 Be7 20.Qg4 Kf8 21.Bg5 h6 22.Bxe7+ Rxe7
23.h4 Kg8 24.h5 Kh7 25.Qe4+ g6 26.Rd3 Rg8 27.Rb6 Kh8 28.Rf3 Rd7 29.Rf6 Kh7
30.Kh2 Re7 31.Qf4 Qf8 32.hxg6+ Rxg6 33.Rxg6 Kxg6 34.Qf6+ Kh7 35.Rxa6 Rd7
36.Rxe6  1-0

[Event "Wch U18"]
[Site "?"]
[Date "1991.??.??"]
[Round "?"]
[White "Gabriel, Christian"]
[Black "Polgar, Sofia"]
[Result "1/2-1/2"]
[WhiteElo "2305"]
[BlackElo "2425"]

1.d4 d5 2.c4 e6 3.Nc3 c6 4.Nf3 Nf6 5.e3 Nbd7 6.Bd3 dxc4 7.Bxc4 b5 8.Bd3 Bb7
9.O-O a6 10.e4 c5 11.d5 c4 12.dxe6 fxe6 13.Bc2 Qc7 14.Qe2 Bd6 15.Kh1 O-O
16.Ng5 Rae8 17.f4 h6 18.e5 hxg5 19.exd6 Qxd6 20.Be3 g4 21.Rad1 Qe7 22.Bd4 Qf7
23.Be5 Qh5 24.Bd6 Rf7 25.Rde1 g6 26.Qf2 Rh7 27.Qg3 Kf7 28.Re5 Qh3 29.Kg1 Qxg3
30.hxg3 Rh6 31.Rg5 Nb6 32.Bc5 Nbd5 33.Ne4 Nxe4 34.Bxe4 Ba8 35.Bc2 Rc8 36.Bd4 Ne7
37.Rxg4 Nf5 38.Bxf5 exf5 39.Rh4 Rxh4 40.gxh4 Be4 41.Bc3 Rd8 42.Kf2 Ke6 43.Rh1 Rg8
44.Rb1  1/2-1/2

[Event "Werfen op"]
[Site "Werfen"]
[Date "1991.??.??"]
[Round "4"]
[White "Schoeppl, Engelbert"]
[Black "Kadishev, Leonid"]
[Result "0-1"]
[WhiteElo "2315"]
[BlackElo "2385"]

1.Nf3 d5 2.c4 c6 3.d4 Nf6 4.Nc3 e6 5.e3 Nbd7 6.cxd5 exd5 7.Bd3 Bd6 8.Rb1 O-O
9.b4 Re8 10.b5 c5 11.dxc5 Nxc5 12.O-O Nce4 13.Bb2 Bg4 14.Be2 Bxf3 15.Bxf3 Nxc3
16.Bxc3 Bxh2+ 17.Kxh2 Qc7+ 18.Kg1 Qxc3 19.Qa4 Qc5 20.Rbc1 Qb6 21.Qb3 Rad8
22.Rfd1 Re5 23.Rd4 h5 24.Rcd1 Qe6 25.Qa4 Qb6 26.Qb3 Qc5 27.e4 Rde8 28.exd5 Re1+
29.Kh2 Rxd1 30.Qxd1 Qxb5 31.d6 Rd8 32.Kg1 b6 33.Qc1 Qe5 34.Qd2 g6 35.g3 Kg7
36.Kg2 b5 37.Qb4 Rd7 38.Bc6 a5 39.Qd2 Rd8 40.Qxa5 Qxd4 41.Qxd8 Ng4 42.Kf3 Qxf2+
43.Ke4 Qe3+  0-1

[Event "Hoogovens"]
[Site "Wijk aan Zee"]
[Date "1991.??.??"]
[Round "3"]
[White "Olafsson, Helgi"]
[Black "Chernin, Alexander"]
[Result "1/2-1/2"]
[WhiteElo "2590"]
[BlackElo "2610"]

1.d4 d5 2.c4 c6 3.Nc3 Nf6 4.e3 e6 5.Nf3 Nbd7 6.Bd3 dxc4 7.Bxc4 b5 8.Be2 b4
9.Nb1 Bb7 10.Nbd2 c5 11.O-O Be7 12.a3 bxa3 13.bxa3 O-O 14.Bb2 Bd5 15.Qc2  1/2-1/2

[Event "Hoogovens"]
[Site "Wijk aan Zee"]
[Date "1991.??.??"]
[Round "13"]
[White "Sokolov, Ivan"]
[Black "Chernin, Alexander"]
[Result "0-1"]
[WhiteElo "2570"]
[BlackElo "2610"]

1.d4 d5 2.c4 c6 3.Nc3 Nf6 4.e3 e6 5.Nf3 Nbd7 6.Bd3 dxc4 7.Bxc4 b5 8.Bd3 Bb7
9.e4 b4 10.Na4 c5 11.e5 Nd5 12.O-O cxd4 13.Nxd4 Nxe5 14.Bb5+ Nd7 15.Re1 Rc8
16.Qh5 g6 17.Qe2 a6 18.Bxa6 Bxa6 19.Qxa6 Bg7 20.Bg5 Nc7 21.Qa5 Ra8 22.Bxd8 Rxa5
23.Bxc7 Rxa4 24.Red1 Nf6 25.Be5 O-O 26.a3 Nd5 27.Bxg7 Kxg7 28.Nc2 bxa3 29.Rxa3 Rc4
30.Ne3 Nxe3 31.Rxe3 Rc2 32.b3 Rd8 33.Ra1 Ra8 34.Ree1 Rxa1 35.Rxa1 Rb2 36.h4 Rxb3
37.g3 h6 38.Ra5 Kf6 39.Kg2 Rd3 40.Ra7 Rd6 41.Kf3 e5 42.Ra8 Rd3+ 43.Ke4 Rd4+
44.Ke3 Kf5 45.Ra7 f6 46.Rh7 h5 47.Rg7 Rg4 48.Rh7 Rb4 49.Kf3 e4+ 50.Ke2 Rb2+
51.Ke3 Rb3+ 52.Ke2 Rb2+ 53.Ke3 Rb3+ 54.Ke2 Kg4 55.Rh6 Kh3 56.Rxg6 Rf3 57.Rh6 Kg2
58.Rxh5 Rxf2+ 59.Ke3 f5 60.Rg5 Kf1 61.g4 Rf3+ 62.Kd4 e3 63.Rxf5 Rxf5 64.Kxe3 Rf8  0-1

[Event "Zalaegerszeg"]
[Site "Zalaegerszeg"]
[Date "1991.??.??"]
[Round "7"]
[White "Adorjan, Andras"]
[Black "Horvath, Jozsef"]
[Result "1/2-1/2"]
[WhiteElo "2530"]
[BlackElo "2515"]

1.c4 c6 2.d4 d5 3.e3 Nf6 4.Nc3 e6 5.Nf3 Nbd7 6.Qc2 Bd6 7.Be2 O-O 8.O-O dxc4
9.Bxc4 Qe7 10.Rd1 a6 11.a4 c5 12.dxc5 Bxc5 13.b3 b6 14.Ne4 Nxe4 15.Qxe4 Rb8
16.Bb2 Bb7 17.Qf4 Nf6 18.Ne5 Rfd8 19.Bxa6 Bxa6 20.Nc6 Qe8 21.Nxb8 Rxb8 22.Bxf6 gxf6
23.Qxf6 Qe7 24.Qe5 Rd8 25.Rxd8+ Qxd8 26.a5 Bf8 27.Qh5 Qf6 28.Rd1 bxa5 29.Qxa5 Bb7
30.Qh5 Bd5 31.Qg4+ Bg7 32.b4 Qb2 33.h3 f5 34.Qf4  1/2-1/2

[Event "Wuerttemberg-ch"]
[Site "Zell"]
[Date "1991.??.??"]
[Round "5"]
[White "Kindl, Peter"]
[Black "Hoffmann, Hans"]
[Result "1-0"]
[WhiteElo "2315"]
[BlackElo "2235"]

1.d4 d5 2.c4 e6 3.Nc3 c6 4.e3 Nf6 5.Nf3 Nbd7 6.Bd3 dxc4 7.Bxc4 b5 8.Be2 Bb7
9.O-O a6 10.e4 b4 11.e5 bxc3 12.exf6 Nxf6 13.bxc3 Bd6 14.Rb1 Rb8 15.c4 O-O
16.c5 Bc7 17.Bg5 Qd5 18.Qc2 Bc8 19.Rxb8 Bxb8 20.Re1 h6 21.Bc4 Qd8 22.Bh4 Bc7
23.Qd3 a5 24.Bb3 g5 25.Bg3 Nd5 26.Bxc7 Qxc7 27.Ne5 Kg7 28.Ba4 Nb4 29.Qd2 f6
30.Nc4 Ba6 31.Nd6 Bc8 32.a3 Nd5 33.Bc2 Bd7 34.Qd3 f5 35.Qg3 Kh7 36.Nxf5 Qxg3
37.Nxg3+ Kg7 38.Rb1 Bc8 39.Rb8 Nc3 40.Bd3 Bd7 41.Rb7 Rf7 42.Nh5+ Kf8 43.Bg6 Re7
44.Nf6 Kg7 45.Nxd7 Kxg6 46.Ne5+ Kf6 47.Rxe7 Kxe7 48.Nxc6+ Kd7 49.Nxa5 Ne2+
50.Kf1 Nxd4 51.a4  1-0

[Event "Zuerich op"]
[Site "Zuerich"]
[Date "1991.??.??"]
[Round "7"]
[White "Bewersdorff, Oliver"]
[Black "Simon, Ralf Axel"]
[Result "0-1"]
[WhiteElo "2330"]
[BlackElo "2295"]

1.d4 d5 2.c4 e6 3.Nc3 c6 4.e3 Nf6 5.Nf3 Nbd7 6.Bd3 dxc4 7.Bxc4 b5 8.Bd3 Bb7
9.O-O a6 10.e4 c5 11.d5 exd5 12.exd5  0-1